| 000 | 00531nam a22001937a 4500 | ||
|---|---|---|---|
| 008 | 131126b xxu||||| |||| 00| 0 alb d | ||
| 041 | 0 | _aalb | |
| 080 |
_a343.6 _x(496.51) |
||
| 100 | 1 | _aDemolli, Haki | |
| 245 | 1 | 0 |
_aVrasjet në Kosovën pasluftës / _cHaki Demolli |
| 260 |
_aPrishtinë : _bKLC ; _c2006. |
||
| 300 |
_a128 f. : _c24 cm. |
||
| 500 | _aParathënie : f. V-VI | ||
| 505 | _aLiteratura : f. 122-128 | ||
| 650 | 0 |
_aE drejta penale _zKosova |
|
| 650 | 0 |
_aLufta _zKosova |
|
| 650 | 0 |
_aVrasjet _zKosova |
|
| 942 |
_2udc _cBK |
||
| 999 |
_c356 _d356 |
||